El transito de Nª Sª por Don Carlos Salas (Record no. 84571)

MARC details
000 -LEADER
campo de control de longitud fija 01832nkc a2200301za 4500
001 - NÚMERO DE CONTROL
campo de control 84571
003 - IDENTIFICADOR DE NÚMERO DE CONTROL
campo de control OSt
005 - FECHA Y HORA DE LA ÚLTIMA TRANSACCIÓN
campo de control 20260423160101.0
007 - CAMPO FIJO DE DESCRIPCIÓN FÍSICA--INFORMACIÓN GENERAL
campo de control de longitud fija kh boc
008 - DATOS DE LONGITUD FIJA--INFORMACIÓN GENERAL
campo de control de longitud fija 250410s1909 sp ||||| ||||||0| i|spa d
040 ## - FUENTE DE CATALOGACIÓN
Centro/agencia transcriptor M-RABA
Centro catalogador/agencia de origen M-RABA
Lengua de catalogación spa
245 00 - MENCIÓN DEL TÍTULO
Título El transito de Nª Sª por Don Carlos Salas
Medio [Material gráfico]
Mención de responsabilidad, etc. / Carlos Salas Viraseca
246 ## - FORMA VARIANTE DEL TITULO
Título propio/Titulo breve Boceto para el altar de la Asunción de la Virgen, en la capilla del Pilar de Zaragoza
260 ## - PUBLICACIÓN, DISTRIBUCIÓN, ETC.
Nombre del editor, distribuidor, etc. [Hauser y Menet]
Fecha de publicación, distribución, etc. , [ca. 1909]
300 ## - DESCRIPCIÓN FÍSICA
Extensión 1 fotografía
Otras características físicas : gelatina de plata
Dimensiones ; imagen 19,5 x 11,5
-- ; soporte secundario 30 x 24 cm
500 ## - NOTA GENERAL
Nota general Fotografía del relieve "Boceto para el altar de la Asunción de la Virgen, en la capilla del Pilar de Zaragoza" de Carlos Salas. Se conserva en el Museo de la Real Academia de Bellas Artes de San Fernando con nº de inventario E-142.<br/>
500 ## - NOTA GENERAL
Nota general Montada sobre un soporte secundario de cartón, con texto manuscrito a lápiz en la parte inferior al recto: "El transito de N[uestra] S[eñora] por Don Carlos Salas. Académico de mérito en 1760 pero por otro relieve". Nota manuscrita al verso a lápiz rojo: "Carlos Salas / [1ndº de 1824]".
500 ## - NOTA GENERAL
Nota general Fecha probable de la realización de la fotografía realizada por Hauser y Menet.<br/><br/>
544 ## - NOTA DE LOCALIZACIÓN DE MATERIALES DE ARCHIVO RELACIONADOS
Depositario(custodio) Archivo de la Real Academia de Bellas Artes de San Fernando (Le-4-29-1)
600 10 - PUNTO DE ACCESO ADICIONAL DE MATERIA--NOMBRE DE PERSONA
Nombre de persona Salas Vilaseca, Carlos,
Fechas asociadas al nombre (1728-1780)
9 (RLIN) 111686
610 24 - PUNTO DE ACCESO ADICIONAL DE MATERIA--NOMBRE DE ENTIDAD CORPORATIVA
Nombre de entidad corporativa o nombre de jurisdicción como elemento de entrada Real Academia de Bellas Artes de San Fernando.
9 (RLIN) 75832
651 #7 - PUNTO DE ACCESO ADICIONAL DE MATERIA--NOMBRE GEOGRÁFICO
Nombre geográfico Madrid
Fuente del encabezamiento o término embne
9 (RLIN) 75182
655 #7 - TERMINO DE INDIZACIÓN--GENERO/FORMA
Datos o término principal de género/forma Fotografías de obras de arte
9 (RLIN) 75675
710 2# - ENTRADA AGREGADA--NOMBRE DE ENTIDAD CORPORATIVA
Nombre de entidad corporativa o nombre de jurisdicción como elemento de entrada Hauser y Menet (Madrid)
9 (RLIN) 50978
852 ## - LOCALIZACIÓN
Número de control de estantería Fot-603
856 ## - LOCALIZACIÓN Y ACCESO ELECTRÓNICOS
Materiales especificados Fot-603
Identificador Uniforme de Recurso <a href="https://archivoybiblioteca.realacademiabellasartessanfernando.com/cgi-bin/koha/opac-retrieve-file.pl?id=ca4f3740da49730a131d8956980de72a">https://archivoybiblioteca.realacademiabellasartessanfernando.com/cgi-bin/koha/opac-retrieve-file.pl?id=ca4f3740da49730a131d8956980de72a</a>
942 ## - ELEMENTOS DE ENTRADA SECUNDARIOS (KOHA)
Fuente de la clasificación o esquema de estantería Clasificación Decimal Dewey
Tipo de ítem Koha Fotografías
Suprimir en OPAC No
Holdings
Estatus retirado Estado de pérdida Fuente de la clasificación o esquema de estantería Estado de daño No para préstamo Colección Biblioteca de origen Biblioteca actual Ubicación en estantería Fecha de adquisición Total de préstamos Signatura topográfica completa Código de barras Visto por última vez Precio de reemplazo Tipo de ítem Koha
    Clasificación Decimal Dewey     Fotografía Real Academia de la Bellas Artes de San Fernando Real Academia de la Bellas Artes de San Fernando Depósito 2 28/04/2025   Fot-603 1095454 28/04/2025 28/04/2025 Fotografías

Powered by Koha